000 00555nam a2200205Ia 4500
005 20250326140743.0
008 250326s9999 xx 000 0 und d
037 _aTextbook
040 _aFMSL
_beng
_cFMSL
041 _aeng
_2eng
084 _aX:71.1 P2;1
_qFMSL
100 _aLasserre P
_9741851
245 0 _aGlobal strategic management
_cLasserre P
250 _a3
260 _aNY
_bNY, Palgrave Macmillan
_c2012
365 _b3571.5068999999999
650 _aManagement
942 _cTB
_hX:71.1 P2;1
999 _c1287142
_d1287142